[Event "Pardubice TEV op"]
[Site "Pardubice"]
[Date "2011.07.30"]
[Round "9"]
[White "Voynov, Sergey"]
[Black "Dolnak, Michal"]
[Result "1/2-1/2"]
[WhiteElo "2183"]
[BlackElo "2043"]
[PlyCount "45"]
[EventDate "2011.07.22"]
[EventType "swiss"]
[EventRounds "9"]
[EventCountry "CZE"]
[SourceTitle "EXT 2012"]
[Source "ChessBase"]
[SourceDate "2011.11.24"]
[SourceVersion "1"]
[SourceVersionDate "2011.11.24"]
[SourceQuality "1"]

1. e4 e5 2. Bc4 Nc6 3. Nf3 Bc5 4. d3 Nf6 5. Nc3 d6 6. Bg5 h6 7. Bxf6 Qxf6 8. Nd5 Qd8 9. c3 a6 10. b4 Ba7 11. a4 Ne7 12. h3 Ng6 13. 0-0 c6 14. Ne3 Nf4 15. Kh2 Qf6 16. b5 h5 17. Ng1 g5 18. g3 Ng6 19. Nf3 Qe7 20. Nf5 Qf6 21. Ne3 Qe7 22. Nf5 Qf6 23. Ne3 1/2-1/2

[Event "Pardubice op rap 22nd"]
[Site "Pardubice"]
[Date "2011.07.20"]
[Round "1"]
[White "Chernyshov, Konstantin"]
[Black "Voynov, Sergey"]
[Result "0-1"]
[WhiteElo "2552"]
[BlackElo "2183"]
[PlyCount "116"]
[EventDate "2011.07.20"]
[EventType "swiss (rapid)"]
[EventRounds "9"]
[EventCountry "CZE"]
[SourceTitle "CBM 143 Extra"]
[Source "ChessBase"]
[SourceDate "2011.08.29"]
[SourceVersion "1"]
[SourceVersionDate "2011.08.29"]
[SourceQuality "1"]

1. d4 Nf6 2. Bg5 d5 3. e3 g6 4. Bxf6 exf6 5. c4 dxc4 6. Bxc4 Bg7 7. Qa4+ c6 8. Qa3 Nd7 9. Qd6 Qb6 10. Bb3 Bf8 11. Qf4 Bg7 12. Qe4+ Kf8 13. Nc3 f5 14. Qf4 Bf6 15. Nf3 Kg7 16. 0-0 h6 17. e4 Nf8 18. e5 Be7 19. d5 Qb4 20. Qc1 Bd7 21. Rd1 Rc8 22. Rd4 Qa5 23. e6 fxe6 24. dxe6 Bxe6 25. Bxe6 Nxe6 26. Qe3 Nxd4 27. Qxe7+ Kg8 28. Nxd4 Qc7 29. Qe6+ Kh7 30. Re1 Rhe8 31. Qxe8 Rxe8 32. Rxe8 Qd7 33. Rb8 Qxd4 34. Rxb7+ Kg8 35. g3 f4 36. Kg2 g5 37. g4 a5 38. a4 Qc4 39. h3 Qd3 40. Ra7 f3+ 41. Kg3 Qf1 42. Kxf3 Qxh3+ 43. Ke2 Qxg4+ 44. Ke3 Qf4+ 45. Ke2 Qb4 46. Nd1 Qc4+ 47. Ke1 Qxa4 48. Rb7 Qe4+ 49. Ne3 a4 50. Ke2 c5 51. Rb5 Qd4 52. Rb8+ Kf7 53. Rb7+ Ke8 54. Kf3 h5 55. Ra7 Qf6+ 56. Kg2 Qb6 57. Ra8+ Kf7 58. Rxa4 Qc6+ 0-1

[Event "Dnipropetrovsk Region-ch"]
[Site "Dnipropetrovsk"]
[Date "2008.10.??"]
[Round "6"]
[White "Knyazev, Alexey"]
[Black "Voynov, Sergey"]
[Result "0-1"]
[WhiteElo "2237"]
[BlackElo "2185"]
[PlyCount "96"]
[EventDate "2008.10.??"]
[EventType "tourn"]
[EventRounds "11"]
[EventCountry "UKR"]
[SourceTitle "EXT 2010"]
[Source "ChessBase"]
[SourceDate "2010.11.25"]
[SourceVersion "1"]
[SourceVersionDate "2010.11.25"]
[SourceQuality "1"]

1. d4 Nf6 2. Nf3 c5 3. e3 d5 4. Bd3 Nc6 5. b3 Bg4 6. Bb2 e6 7. 0-0 cxd4 8. exd4 Bd6 9. Nbd2 Bf4 10. a3 Qb6 11. h3 Bh5 12. Qe1 0-0 13. g3 Bxd2 14. Nxd2 Bg6 15. Qe3 Rac8 16. Nf3 Rc7 17. Bc3 Rfc8 18. Be1 Be4 19. c4 Qxb3 20. Bxe4 Qxe3 21. fxe3 Nxe4 22. c5 f6 23. Nd2 Nxd2 24. Bxd2 e5 25. Bc3 Re8 26. Rfe1 Rce7 27. Kf2 exd4 28. exd4 Rxe1 29. Rxe1 Rxe1 30. Kxe1 Kf7 31. Ke2 Ke6 32. Kd3 Ne7 33. Be1 h5 34. Bf2 Kd7 35. Kc3 Kc6 36. Kb4 Nf5 37. Ka4 g5 38. h4 Ne7 39. Kb4 Ng6 40. Kc3 Kb5 41. Kb3 gxh4 42. gxh4 f5 43. a4+ Ka5 44. Be1+ Ka6 45. Kc2 Nf4 46. Kd2 Ng2 47. Bf2 Ka5 48. Ke2 Nf4+ 0-1

[Event "UKR-ch U20 qual"]
[Site "Lvov"]
[Date "2005.12.19"]
[Round "9"]
[White "Voynov, Sergey"]
[Black "Pylypchuk, Oleg"]
[Result "1-0"]
[WhiteElo "2226"]
[BlackElo "2065"]
[PlyCount "85"]
[EventDate "2005.12.11"]
[EventType "swiss"]
[EventRounds "9"]
[EventCountry "UKR"]
[SourceTitle "EXT 2007"]
[Source "ChessBase"]
[SourceDate "2006.11.23"]
[SourceVersion "1"]
[SourceVersionDate "2006.11.23"]
[SourceQuality "1"]

1. e4 c5 2. Nf3 e6 3. d4 cxd4 4. Nxd4 a6 5. Bd3 Qc7 6. f4 d6 7. Nc3 b5 8. Be3 Bb7 9. a3 Nf6 10. Qe2 Nbd7 11. g4 Nc5 12. Bf2 d5 13. e5 Nfe4 14. Bxe4 Nxe4 15. Nxe4 dxe4 16. Be3 Rc8 17. c3 Qc4 18. Rd1 Be7 19. h4 0-0 20. f5 Qxe2+ 21. Kxe2 Bd5 22. h5 Bc5 23. f6 Bxd4 24. Rxd4 Rc4 25. Rdd1 Rd8 26. g5 Rcc8 27. Bb6 Rd7 28. Ke3 g6 29. Rd2 Rb8 30. Bc5 Rbb7 31. Bd6 Bc6 32. Rh3 a5 33. b4 axb4 34. cxb4 Ra7 35. Kd4 Ra8 36. Rc2 Bd5 37. Rc5 gxh5 38. Rxb5 h6 39. Rxh5 hxg5 40. Rc5 g4 41. Rc2 e3 42. Rg5+ Kh7 43. Rh2# 1-0

[Event "UKR-ch U20 qual"]
[Site "Lvov"]
[Date "2005.12.18"]
[Round "8"]
[White "Nazarevich, Vitaly"]
[Black "Voynov, Sergey"]
[Result "1-0"]
[WhiteElo "2346"]
[BlackElo "2226"]
[PlyCount "97"]
[EventDate "2005.12.11"]
[EventType "swiss"]
[EventRounds "9"]
[EventCountry "UKR"]
[SourceTitle "EXT 2007"]
[Source "ChessBase"]
[SourceDate "2006.11.23"]
[SourceVersion "1"]
[SourceVersionDate "2006.11.23"]
[SourceQuality "1"]

1. Nf3 Nf6 2. d4 e6 3. c4 b6 4. g3 Bb7 5. Bg2 d5 6. Ne5 Bb4+ 7. Nc3 0-0 8. 0-0 Bxc3 9. bxc3 Ne4 10. Qc2 Nd7 11. cxd5 exd5 12. c4 Nxe5 13. dxe5 c6 14. Bb2 Rc8 15. Rfd1 Qe7 16. Rac1 Ba6 17. Bh3 Rcd8 18. cxd5 cxd5 19. Qc7 Qxc7 20. Rxc7 Bxe2 21. Re1 Ng5 22. Bg2 Bc4 23. f4 Ne6 24. Rxa7 Ra8 25. Rxa8 Rxa8 26. a3 Nc5 27. Rd1 Nd3 28. Bd4 b5 29. Ra1 g6 30. Bf1 Ra4 31. Bc3 Nc5 32. Rd1 Ne6 33. Bb4 Ra8 34. Bg2 Rd8 35. Bd6 d4 36. Kf2 f5 37. Rc1 Rd7 38. a4 Ra7 39. axb5 Ra2+ 40. Kg1 d3 41. b6 d2 42. Rd1 Be2 43. b7 Bxd1 44. b8Q+ Kg7 45. Qb7+ Kh6 46. Bb4 Ra1 47. Kf2 Rb1 48. Bf8+ Nxf8 49. Qxb1 1-0

[Event "UKR-ch U20 qual"]
[Site "Lvov"]
[Date "2005.12.17"]
[Round "7"]
[White "Voynov, Sergey"]
[Black "Gerasimenyk, Mihail"]
[Result "1/2-1/2"]
[WhiteElo "2226"]
[BlackElo "2246"]
[PlyCount "61"]
[EventDate "2005.12.11"]
[EventType "swiss"]
[EventRounds "9"]
[EventCountry "UKR"]
[SourceTitle "EXT 2007"]
[Source "ChessBase"]
[SourceDate "2006.11.23"]
[SourceVersion "1"]
[SourceVersionDate "2006.11.23"]
[SourceQuality "1"]

1. e4 c6 2. d4 d6 3. Nf3 Qc7 4. Bc4 e5 5. 0-0 Be7 6. c3 Nf6 7. Re1 0-0 8. Bg5 Bg4 9. Nbd2 h6 10. Bh4 Nh5 11. h3 Bxf3 12. Qxf3 Nf4 13. Bg3 Ng6 14. Qf5 Bg5 15. Nf3 Ne7 16. Qg4 Bf6 17. dxe5 dxe5 18. Red1 g6 19. Bh4 Bxh4 20. Nxh4 Kh7 21. Rd2 b5 22. Be2 Ng8 23. Rad1 Nf6 24. Qf3 Qe7 25. Rd6 Nd5 26. Nf5 gxf5 27. Qxf5+ Kg7 28. Qg4+ Kh7 29. Qf5+ Kg7 30. Qg4+ Kh7 31. Qf5+ 1/2-1/2

[Event "UKR-ch U20 qual"]
[Site "Lvov"]
[Date "2005.12.16"]
[Round "6"]
[White "Salabun, Vladislav"]
[Black "Voynov, Sergey"]
[Result "0-1"]
[WhiteElo "2004"]
[BlackElo "2226"]
[PlyCount "84"]
[EventDate "2005.12.11"]
[EventType "swiss"]
[EventRounds "9"]
[EventCountry "UKR"]
[SourceTitle "EXT 2007"]
[Source "ChessBase"]
[SourceDate "2006.11.23"]
[SourceVersion "1"]
[SourceVersionDate "2006.11.23"]
[SourceQuality "1"]

1. Nf3 Nf6 2. g3 d5 3. Bg2 g6 4. 0-0 Bg7 5. d4 0-0 6. b3 Bf5 7. Bb2 Ne4 8. Nfd2 c5 9. c3 cxd4 10. cxd4 Nc6 11. e3 Nb4 12. Nxe4 Bxe4 13. Nc3 Bxg2 14. Kxg2 Rc8 15. a3 Nc6 16. Qf3 e6 17. b4 Ne7 18. Rfc1 Qd7 19. Qe2 Rc4 20. Nd1 Rfc8 21. Rc3 Nf5 22. Rac1 Nd6 23. Qc2 Qb5 24. Rxc4 Rxc4 25. Qb3 Rxc1 26. Bxc1 Qe2 27. Nc3 Qd3 28. Bb2 Nc4 29. Ba1 Qd2 30. Nd1 Qe2 31. Bc3 h5 32. h4 Bh6 33. Kg1 Nxa3 34. Qxa3 Qxd1+ 35. Kg2 Qc2 36. Be1 a6 37. b5 axb5 38. Qa8+ Kg7 39. Bb4 Kh7 40. Qxb7 Qe4+ 41. Kh2 Qf3 42. Be1 Bf8 0-1

[Event "UKR-ch U20 qual"]
[Site "Lvov"]
[Date "2005.12.15"]
[Round "5"]
[White "Voynov, Sergey"]
[Black "Grinev, Valeriy"]
[Result "0-1"]
[WhiteElo "2226"]
[BlackElo "2241"]
[PlyCount "80"]
[EventDate "2005.12.11"]
[EventType "swiss"]
[EventRounds "9"]
[EventCountry "UKR"]
[SourceTitle "EXT 2007"]
[Source "ChessBase"]
[SourceDate "2006.11.23"]
[SourceVersion "1"]
[SourceVersionDate "2006.11.23"]
[SourceQuality "1"]

1. e4 c6 2. d4 d5 3. Nc3 dxe4 4. Nxe4 Bf5 5. Ng3 Bg6 6. h4 h6 7. Nf3 Nd7 8. h5 Bh7 9. Bd3 Bxd3 10. Qxd3 e6 11. Bf4 Qa5+ 12. Bd2 Qc7 13. Ne4 Ngf6 14. g3 0-0-0 15. 0-0-0 Nc5 16. Nxc5 Bxc5 17. c4 Qe7 18. Bc3 Rhe8 19. Qe2 Bb6 20. Kb1 Bc7 21. Ne5 Nd7 22. Qg4 Nxe5 23. dxe5 Rxd1+ 24. Rxd1 Rd8 25. Rxd8+ Qxd8 26. Kc2 Qg8 27. Qe4 Bb6 28. f4 g6 29. g4 gxh5 30. gxh5 Qg4 31. Bd4 Qxh5 32. Bxb6 axb6 33. Qd4 b5 34. b3 bxc4 35. bxc4 Qg6+ 36. Kc3 Qg8 37. Qd1 Qh8 38. Qh5 Qf8 39. Kb3 Kc7 40. Qh4 c5 0-1

[Event "Dnipropetrovsk Region-ch"]
[Site "Dnipropetrovsk"]
[Date "2005.11.25"]
[Round "13"]
[White "Kovalenko, Igor"]
[Black "Voynov, Sergey"]
[Result "0-1"]
[WhiteElo "2325"]
[BlackElo "2226"]
[PlyCount "44"]
[EventDate "2005.11.14"]
[EventType "tourn"]
[EventRounds "13"]
[EventCountry "UKR"]
[SourceTitle "EXT 2008"]
[Source "ChessBase"]
[SourceDate "2007.11.25"]
[SourceVersion "1"]
[SourceVersionDate "2007.11.25"]
[SourceQuality "1"]

1. e4 e5 2. Nf3 Nc6 3. Bb5 a6 4. Ba4 Nf6 5. 0-0 Be7 6. Re1 b5 7. Bb3 0-0 8. c3 d5 9. exd5 Nxd5 10. Nxe5 Nxe5 11. Rxe5 c6 12. d4 Bd6 13. Re1 Qh4 14. g3 Qh3 15. Re4 g5 16. Qe2 f5 17. Re6 Bxe6 18. Qxe6+ Kh8 19. Qxd6 Rae8 20. Bd2 f4 21. Bxd5 cxd5 22. f3 g4 0-1

[Event "Dnipropetrovsk Region-ch"]
[Site "Dnipropetrovsk"]
[Date "2005.11.22"]
[Round "10"]
[White "Voynov, Sergey"]
[Black "Pulyaev, Valentin"]
[Result "1-0"]
[WhiteElo "2226"]
[BlackElo "2131"]
[PlyCount "29"]
[EventDate "2005.11.14"]
[EventType "tourn"]
[EventRounds "13"]
[EventCountry "UKR"]
[SourceTitle "EXT 2008"]
[Source "ChessBase"]
[SourceDate "2007.11.25"]
[SourceVersion "1"]
[SourceVersionDate "2007.11.25"]
[SourceQuality "1"]

1. e4 e5 2. Bc4 Nf6 3. d4 exd4 4. Nf3 Be7 5. e5 Ne4 6. Qxd4 Nc5 7. Qg4 g6 8. Qf4 0-0 9. Qh6 d5 10. Ng5 Bxg5 11. Bxg5 Qd7 12. Bf6 Ne6 13. Be2 Qa4 14. Nc3 Qf4 15. Nxd5 1-0

[Event "UKR-ch sf"]
[Site "Alushta"]
[Date "2005.05.19"]
[Round "4"]
[White "Voynov, Sergey"]
[Black "Pavlov, Maxim"]
[Result "1/2-1/2"]
[WhiteElo "2199"]
[BlackElo "2319"]
[PlyCount "33"]
[EventDate "2005.05.16"]
[EventType "swiss"]
[EventRounds "9"]
[EventCountry "UKR"]
[SourceTitle "CBM 106 Extra"]
[Source "ChessBase"]
[SourceDate "2005.07.01"]
[SourceVersion "1"]
[SourceVersionDate "2005.07.01"]
[SourceQuality "1"]

1. e4 c5 2. Nf3 d6 3. d4 cxd4 4. Nxd4 Nf6 5. Nc3 a6 6. Bg5 e6 7. f4 Nbd7 8. Qf3 Qc7 9. 0-0-0 b5 10. Bd3 Bb7 11. Rhe1 Be7 12. Qg3 b4 13. Nd5 exd5 14. exd5 Kd8 15. Nc6+ Bxc6 16. dxc6 Nc5 17. Bh4 1/2-1/2

[Event "UKR-ch sf"]
[Site "Alushta"]
[Date "2005.05.18"]
[Round "3"]
[White "Gasanov, Eldar"]
[Black "Voynov, Sergey"]
[Result "1-0"]
[WhiteElo "2438"]
[BlackElo "2199"]
[PlyCount "57"]
[EventDate "2005.05.16"]
[EventType "swiss"]
[EventRounds "9"]
[EventCountry "UKR"]
[SourceTitle "CBM 106 Extra"]
[Source "ChessBase"]
[SourceDate "2005.07.01"]
[SourceVersion "1"]
[SourceVersionDate "2005.07.01"]
[SourceQuality "1"]

1. d4 Nf6 2. c4 e6 3. Nc3 Bb4 4. Qc2 0-0 5. e4 Nc6 6. e5 Ne8 7. Nf3 d6 8. a3 Bxc3+ 9. Qxc3 f6 10. Be3 fxe5 11. dxe5 Nxe5 12. Nxe5 dxe5 13. Qxe5 Qf6 14. Qxf6 gxf6 15. c5 Ng7 16. Bc4 Re8 17. Ke2 Bd7 18. Bf4 Rac8 19. Rhd1 Kf7 20. g4 Ke7 21. Bh6 Rg8 22. Rd3 Ne8 23. Rad1 Ba4 24. b3 Rg6 25. bxa4 Rxh6 26. Rd7+ Kf8 27. Bxe6 Rb8 28. Rf7+ Kg8 29. Rdd7 1-0

[Event "UKR-ch sf"]
[Site "Alushta"]
[Date "2005.05.17"]
[Round "2"]
[White "Voynov, Sergey"]
[Black "Tishin, Dmitry"]
[Result "1/2-1/2"]
[WhiteElo "2199"]
[BlackElo "2355"]
[PlyCount "55"]
[EventDate "2005.05.16"]
[EventType "swiss"]
[EventRounds "9"]
[EventCountry "UKR"]
[SourceTitle "CBM 106 Extra"]
[Source "ChessBase"]
[SourceDate "2005.07.01"]
[SourceVersion "1"]
[SourceVersionDate "2005.07.01"]
[SourceQuality "1"]

1. e4 c6 2. d4 d5 3. Nc3 dxe4 4. Nxe4 Nd7 5. Bd3 Ngf6 6. Ng5 e6 7. N1f3 Bd6 8. Qe2 h6 9. Ne4 Nxe4 10. Qxe4 Nf6 11. Qe2 b6 12. Bd2 Bb7 13. 0-0-0 Qc7 14. Ne5 0-0-0 15. Rhe1 Kb8 16. g3 c5 17. Nc4 Ka8 18. dxc5 Bxc5 19. Bf4 Qc8 20. Be5 Rhg8 21. Bxf6 gxf6 22. Be4 f5 23. Bxb7+ Qxb7 24. f4 Rxd1+ 25. Qxd1 Rc8 26. Nd6 Bxd6 27. Qxd6 Qc6 28. Qxc6+ 1/2-1/2